| 000 | 00983cam a22002895a 4500 | ||
|---|---|---|---|
| 001 | 13084847 | ||
| 005 | 20150827123933.0 | ||
| 008 | 030206t2003 enka frb 001 0 eng d | ||
| 020 | _a0470851643 (alk. paper) | ||
| 020 | _a9780470851647 | ||
| 040 |
_aDLC _cDLC _dDLC _dEG-ScBUE _beng |
||
| 050 | 0 | 0 |
_aTK5103.4875 _b.S57 2003 |
| 082 | 0 | 4 |
_a621.384 _222 _bSOF |
| 245 | 0 | 0 |
_aSoftware defined radio : _barchitectures, systems, and functions / _c[edited by] Markus Dillinger, Kambiz Madani, Nancy Alonistioti. |
| 260 |
_aChichester : _bJohn Wiley & Sons Ltd, _cc.2003. |
||
| 300 |
_axxxvii, 416 p. : _bill. ; _c26 cm. |
||
| 500 | _aIndex : p. 411-416. | ||
| 504 | _aIncludes bibliographical references. | ||
| 650 | 7 |
_aSoftware radio. _2BUEsh _937227 |
|
| 651 | _2BUEsh | ||
| 653 |
_bENGELC _cAugust2015 |
||
| 655 |
_vreading book _934232 |
||
| 700 | 1 |
_aDillinger, Markus. _eeditor. |
|
| 700 | 1 |
_aMadani, Kambiz. _eeditor. |
|
| 700 | 1 |
_aAlonistioti, Nancy. _eeditor. |
|
| 942 | _2ddc | ||
| 999 |
_c20698 _d20670 |
||